000 00547nam#a22002295a#4500
001 888
245 1 0 _aFábulas /
_cFélix María Samaniego.
250 _a20ª ed.
260 _aMadrid :
_bOptima,
_c1998.
300 _a158 p. ;
_c12 cm.
490 0 _aColección Odisea
020 _a8423906329
100 1 _aSamaniego, Félix María.
080 _a82-342
084 _aS19
653 _aFábulas
040 _aAR-ClEAG
_cAR-ClEAG
008 090825s1998####sp#####g######001#|#spa#d
005 20241107184651.0
003 AR-ClEAG
942 _cBK
999 _c888
_d888
980 _62
_aEvangelina Gallicchio
_82
_gEvangelina Gallicchio